00530nam a22001937a 450000500170000001000140001702000260003103500130005703700130007008200060008310000250008924500390011426000300015327000760018330000250025965000150028494200200029999900170031920100811145031.0 aENG-99545 a9789380032467c250.00 aEN-83077 bDBAD/PUB aN aDavid, Esther911106 aThe walled city /cby Esther David aNew DelhibWestlendc2009 aF-5, Okhla Industrial Area, Phase-1, Mezzanine FloorbNew Delhie110020 axi,200p.c20cm (pbk) aNovel9904 2ddccENhNmDAV c41045d41045